000 00323 a2200157 4500
001 170564
020 _a
040 _cMagnum
100 _aLins, Guto
240 1 0 _aPra enxergar apertadinho
_lpor
245 1 0 _aPra enxergar apertadinho
362 0 _a1899
440 1 _aSalamandra
697 _aIJ/GERAL
942 _cBK
999 _c170564
_d170564